|
|
|
|
| LEADER |
00000cam a22000007a 4500 |
| 003 |
UAHC |
| 005 |
20180829163953.0 |
| 008 |
180824s2016 cl ||||| |||| 00| 0 spa d |
| 952 |
|
|
|0 0
|1 0
|2 ddc
|4 0
|6 927_000000000000000_LAT
|7 0
|8 COMP
|9 90486
|a BS
|b BS
|c General
|d 2018-08-24
|e Donación
|l 0
|o 927 LAT
|p 1443132
|r 2025-11-26 00:00:00
|t v.1 c.1
|w 2018-08-24
|y BK
|B TEATRO
|
| 952 |
|
|
|0 0
|1 0
|2 ddc
|4 0
|6 927_000000000000000_LAT
|7 0
|8 COMP
|9 90495
|a BS
|b BS
|c General
|d 2018-08-24
|e Donación
|g 6000.00
|l 0
|o 927 LAT
|p 1443133
|r 2025-11-26 00:00:00
|t v.2 c.1
|v 6000.00
|w 2018-08-24
|y BK
|B TEATRO
|
| 999 |
|
|
|c 51046
|d 51046
|
| 020 |
|
|
|a 9789569159138
|
| 035 |
|
|
|a ARTES
|
| 040 |
|
|
|a UAHC_CL
|c UAHC_CL
|d UAHC_CL
|
| 082 |
|
|
|2 21
|a 927
|b L358
|
| 100 |
|
|
|9 4592
|a Latorre Vásquez, Remberto
|d 1939-
|
| 245 |
|
|
|a Te llamas Remberto:
|b Memorias
|c Remberto Latorre Vásquez.
|
| 260 |
|
|
|a Chillan Viejo:
|b Ediciones Investigación Cultural y Desarrollo,
|b Museo Adriana Vásquez Román de Rengo,
|c 2016.
|
| 300 |
|
|
|a v.
|
| 440 |
|
|
|9 4593
|a Elefante
|
| 505 |
|
|
|a v.1. Años de formación -- v. 2. Dedicación exclusiva.
|
| 520 |
|
|
|a Serie autobiográfica escrita por el diseñador teatral, investigador y dramaturgo chileno, Remberto Latorre Vásquez. Pero es más que eso. Al tiempo que conocemos los antecedentes de su familia; su infancia en la ciudad de Rengo, en la zona central de Chile; el descubrimiento de la cultura y el arte, y sus primeros años en la capital, Santiago, para concluir los estudios secundarios e iniciar los superiores, el autor no solo relata su propio trayecto vital, sino también presenta un retrato de época, cubriendo desde los años 40 a los inicios de los 60 del siglo XX chileno, desde la perspectiva de un sensible y culto niño, adolescente y, luego, joven chileno. Remberto Latorre Vásquez (Rengo, Chile. 1939) es Diseñador Teatral; ha ejercido como profesor titular en la Universidad de Chile, y como profesor invitado en el Instituto Nacional de Arte Dramático de Lima (actual Escuela Nacional Superior de Arte Dramático), y en el Teatro Universitario de San Marcos, Perú. Es autor de varias obras dramáticas y libros de investigación teatral.
|
| 600 |
|
0 |
|9 4592
|a Latorre Vásquez, Remberto
|d 1939-
|
| 650 |
|
0 |
|9 2916
|a Teatro
|x Historia
|z Chile
|
| 650 |
|
0 |
|9 4635
|a Biografìas
|
| 942 |
|
|
|2 ddc
|c BK
|